000 00477nam a22001577a 4500
003 NUST
038 _aNusrat Nadeem
082 _a200
100 _aTariq, Hannan
_9133093
245 _aDigital Payment Ecosystem & Telco-Fintech Synergies/
_cHannan Tariq,
264 _aIslamabad:
_bNBS NUST.
_c2025.
650 _aExecutive MBA 
_9125080
700 _aSupervisor: Dr. Amber Raza
_9133094
856 _u http://10.250.8.41:8080/xmlui/handle/123456789/57226
942 _2ddc
_cSC
999 _c616086
_d616086